000 00302nam a22001337a 4500
008 210304b ||||| |||| 00| 0 eng d
020 _a9780195187151
041 _aeng
080 _a94
100 _a14
101 _aSHH
245 _aA Brief History of the Romans
_cBoatwright,T/M
942 _2udc
_cBK
999 _c55771
_d55771